000 00399nam a2200157 i 4500
001 bg
100 1 _aŁĄCZKOWSKI, A.
245 0 _aŻelbetowe cienkościenne budowle specjalne /
_cA. Łączkowski, J. Rojek, B. Zając.
260 _aBydgoszcz,
_c1984.
700 1 _aROJEK, J.
700 1 _aZAJĄC, B.
040 _cBPK
041 _apol
942 _cKS
008 s pl f |000 0 pol
999 _c903
_d903
856 _uhttp://koha.tu.koszalin.pl/cgi-bin/koha/opac-detail.pl?biblionumber=903
_yKatalog online BPK